Statistics for 2022 Olympics Medal Table

Click here to take the quiz!

General Stats

  • This quiz has been taken 36 times
  • The average score is 25 of 29

Answer Stats

🏅️🥈🥉AllCountry% Correct
94215China
97%
1210527Germany
97%
1681337Norway
97%
1102United Kingdom
97%
810725United States
97%
481426Canada
94%
36918Japan
94%
85518Sweden
94%
2529South Korea
91%
0101Spain
91%
72514Switzerland
91%
1214Australia
89%
77418Austria
89%
2248Finland
89%
27817Italy
89%
2327Slovenia
89%
1012Czech Republic
86%
57214France
86%
85417Netherlands
86%
0101Ukraine
86%
0011Poland
83%
1012Slovakia
80%
1023Hungary
77%
0202Belarus
74%
0011Latvia
74%
2103New Zealand
74%
1012Belgium
71%
0011Estonia
71%
6121432Russian Olympic Committee
46%

Score Distribution

Percentile by Number Answered

Percent of People with Each Score

Your Score History

You have not taken this quiz